The statesman's yearbook 2009 : (Record no. 136392)

MARC details
000 -LEADER
fixed length control field 00681nam a2200205 4500
010 ## - LIBRARY OF CONGRESS CONTROL NUMBER
LC control number B-316867
020 ## - INTERNATIONAL STANDARD BOOK NUMBER
International Standard Book Number 9781403992789
Terms of availability 00.00
035 ## - SYSTEM CONTROL NUMBER
System control number B-316867
037 ## - SOURCE OF ACQUISITION
Stock number Cen Lib/Ret
040 ## - CATALOGING SOURCE
Original cataloging agency DPL
Language of cataloging EN
082 ## - DEWEY DECIMAL CLASSIFICATION NUMBER
Classification number 050
Item number STA
245 ## - TITLE STATEMENT
Title The statesman's yearbook 2009 :
Remainder of title the politics, cultures and economies of the world /
Statement of responsibility, etc edited by Barry Turner
260 ## - PUBLICATION, DISTRIBUTION, ETC. (IMPRINT)
Place of publication, distribution, etc Basingstoke
Name of publisher, distributor, etc Palgrave Macmillan
Date of publication, distribution, etc 2008
270 ## - ADDRESS
City Basingstoke
300 ## - PHYSICAL DESCRIPTION
Extent xxxi, 1573p.
Other physical details 23cm
Dimensions ill
650 ## - SUBJECT ADDED ENTRY--TOPICAL TERM
Topical term or geographic name as entry element World politics -- 21st century -- Periodicals.
650 ## - SUBJECT ADDED ENTRY--TOPICAL TERM
Topical term or geographic name as entry element Economic history -- 21st century -- Periodicals.
700 ## - ADDED ENTRY--PERSONAL NAME
Personal name Barry Turner
942 ## - ADDED ENTRY ELEMENTS (KOHA)
Source of classification or shelving scheme Dewey Decimal Classification
Koha item type English Books
Classification part 050
Call number suffix STA
Holdings
Withdrawn status Lost status Damaged status Not for loan Collection code Home library Current library Date acquired Source of acquisition Cost, normal purchase price Total Checkouts Full call number Barcode Date last seen Copy number Cost, replacement price Price effective from Koha item type
      Not For Loan Reference Central Library Central Library 01/03/2016 Cen Lib/Ret 0.00   050 STA B-316867 01/03/2016 1 0.00 01/03/2016 English Books

© Delhi Public Library
Hit Counter
free hit counter